000 01567nmm a2200433 a 4500
001 ocm0001864552
003 TR-IsHL
005 20201028172134.0
008 180409s2017 tu tur
007 cr cn
020 _a9786059885539
035 _a1864552
_b(N$T)
050 0 4 _aJV8745
_b.A33 2017
090 0 4 _aJV8745
_b.A33 2017
245 1 0 _aAkademik bakış açısıyla göç
_h[electronic resource] /
_cyazarlar Abdullah Soykan, Ahmet Çağrıcı, Ahmet Mazlum, Berkan Demiral, D. Ali Arslan, Hakan Evin, Mustafa Çağlayandereli, Yasin Koç ; editör Kaldygül Adilbekova
250 _aBirinci basım
260 _aİstanbul :
_bİksad Yayınevi,
_c2017
300 _a158 p.
500 _aKaynakça var.
_x
650 4 _aPolitika ve Uluslararası İlişkiler
650 4 _aPolitics and International Relations
650 0 _aGöç ve göçme
650 0 _aEmigration and immigration
650 0 _aGöç ve göçme
_x Türkiye
650 0 _aEmigration and immigration
_x Turkey
650 0 _aYasadışı yabancılar
_x Türkiye
650 0 _aIllegal aliens
_x Turkey
650 7 _aSOCIAL SCIENCE / Emigration & Immigration
_2bisacsh
700 1 _aSoykan, Abdullah
700 1 _aÇağrıcı, Ahmet
700 1 _aMazlum, Ahmet
700 1 _aDemiral, Berkan
700 1 _aAslan, D. Ali
700 1 _aEvin, Hakan
700 1 _aÇağlayandereli, Mustafa
700 1 _aKoç, Yasin
700 1 _aKaldygül, Adilbekova
856 4 0 _uhttp://search.ebscohost.com/login.aspx?direct=true&scope=site&db=e011xww&AN=1864552
999 _c17051
_d17051